Studi sui censores e sull'arbitratus della lex contractus

Guardat en:
Dades bibliogràfiques
Autor principal: Cancelli, Filippo (Autor)
Format: Llibre
Idioma:italià
Publicat: Milán Dott. A. Giuffrè 1960
Col·lecció:Pubblicazioni dell'Istituto de Diritto Romano e dei Diritti dell'Oriente Mediterraneo, 34
Matèries:
Etiquetes: Afegir etiqueta
Sense etiquetes, Sigues el primer a etiquetar aquest registre!

MARC

LEADER 00000nam a2200000 a 4500
001 UCR2854
003 CL-VaPUC
008 980116e19600000IT |||||||||||||||||ita|d
082 0 4 |a 340.54  |b CAN  |2 21 
100 0 |a Cancelli, Filippo  |e author  |9 401280 
245 1 0 |a Studi sui censores e sull'arbitratus della lex contractus 
300 |a 127 p 
942 |c BK 
945 |d 19980116 00:00:00  |a aolguin 
260 |a Milán  |b Dott. A. Giuffrè  |c 1960 
650 0 |a Derecho romano  |9 255930 
650 0 |a Censura  |9 349860 
650 7 |a LEGISLACION  |2 CL-VaPUC  |9 401281 
650 0 |a Fuentes del derecho   |9 255162 
650 7 |a MAGISTRATURA  |2 CL-VaPUC  |9 387327 
650 0 |a Moral  |9 265913 
650 7 |a ORDEN SOCIAL  |2 CL-VaPUC  |9 384516 
583 |a last modification  |c 19980116 00:00:00  |k Rodrigo Vera 
490 0 |a Pubblicazioni dell'Istituto de Diritto Romano e dei Diritti dell'Oriente Mediterraneo, 34 
999 |c 265976  |d 265974 
952 |0 0  |1 0  |4 0  |6 340_540000000000000_CAN_1960  |7 0  |8 DER_ROM  |9 297219  |a BIBDER  |b BIBDER  |d 2019-11-20  |i 1936085  |l 1  |o 340.54 CAN 1960  |p 1936085  |r 2023-01-25  |s 2020-03-19  |w 2019-11-20  |x Ubicación 4to piso  |y BK  |z Este recurso debe solicitarse con anticipación  |k DER